• 首页
  • 本馆介绍
  • 公告通知
  • 最新文献
  • 馆藏检索
  • 电子资源
  • 读者导购
  • 参考咨询
  • 我的图书馆
  • 登录
  • 详细信息显示
  • 放入我的书架
  • 预约/预借图书
  • 作者相关作品
  • 分类相关作品
  • 丛书相关作品
  • 出版社相关作品

书目信息

  • 表格格式
  • 工作单格式
  • 卡片格式
题名:
收录机、电视机集成电路应用手册
    
 
作者: 本书编写组编
分册:  
出版信息: 北京   电子工业出版社  1986
页数: 598页
开本: 26cm
丛书名:
单 册:
中图分类: TN646 , TN43-62
科图分类:
主题词: 收录两用机-集成电路--手册 , 集成电路-收录两用机--手册 , 半导体集成电路
电子资源:
ISBN:
000 00723nam0 2200253 45
001 0186004329
005 20040519153533.7
010    @dCNY8.00
100    @a19960127d1986 em y0chiy0121 ea
101 0  @achi
102    @aCN@b110000
105    @ay z 000yy
106    @ar
200 10 @a收录机、电视机集成电路应用手册@f本书编写组编@Ashou lu ji、 dian shi ji ji cheng dian lu ying yong shou ce
210    @a北京@c电子工业出版社@d1986
215    @a598页@d26cm
606    @a收录两用机-集成电路@x手册
606    @a集成电路-收录两用机@x手册
606 0  @a半导体集成电路
690    @aTN646@v3 
690    @aTN43-62
801  0 @aCN@b深圳图书馆@c20040519
801  2 @aCN@bNLC@c20040519
905    @f1@b151621@dTN43-62@e50
    
    收录机、电视机集成电路应用手册/本书编写组编.-北京:电子工业出版社,1986
    598页;26cm
    
    
    ISBN :CNY8.00
    
●
相关链接 在E读中查询图书 在五车中查询图书 在当当中查询图书 在豆瓣中查询图书


正题名:收录机、电视机集成电路应用手册     索取号:TN43-62/50         预约/预借

序号 登录号 条形码 馆藏地/架位号 状态 备注
1 0151621   001651894   第三借阅区/ [索取号:TN43-62/50] 在馆    
2 0151622   202106185   第二样本阅览室/ [索取号:TN43-62/50] 在馆    
唐山师范学院图书馆 欢迎您!
大连网信软件有限公司© 版权所有